Szczegóły MARC21

Compendium of finance in Polish & English = Kompendium terminów z zakresu finansów po polsku i angielsku. Vol. 5, F-P /

005 -DATA I CZAS OSTATNIEJ MODYFIKACJI [,]
    • @
    • pole kontrolne
    • 20171227113833.0
020 -Międzynarod. znormalizowany nr książki - ISBN [ , ]
    • a
    • Numer ISBN
    • 9788376238418 Find
    • q
    • Dopowiedzenie
    • tom
020 -Międzynarod. znormalizowany nr książki - ISBN [ , ]
    • a
    • Numer ISBN
    • 9788376238364 Find
    • q
    • Dopowiedzenie
    • tomy
040 -Instytucja sporządzająca opis [ , ]
    • a
    • Instytucja, która sporządziła opis (NP)
    • SZCZ U/SA
    • c
    • Instytucja, która sporządziła rekord (NP)
    • SZCZ U/SA
    • d
    • Instytucja, która zmodyfikowała rekord (P)
    • SZCZ U/KP
    • d
    • Instytucja, która zmodyfikowała rekord (P)
    • SZCZ U/MC
041 -Język dokumentu [0, ]
    • a
    • Język tekstu (P)
    • polski
    • a
    • Język tekstu (P)
    • angielski
044 -Kraj miejsca wydania [ , ]
    • a
    • Kraj miejsca wydania
    • Polska
942 -Rodzaj dokumentu [ , ]
    • c
    • Rodzaj dokumentu
    • Książka
100 -Hasło główne - nazwa osobowa [1, ]
    • 9
    • KHW
    • 10341
    • a
    • Nazwa osobowa (NP)
    • Patterson, Robert
    • c
    • Dopowiedzenie inne niż daty biograficzne (P)
    • (ekonomia).
245 -Strefa tytułu i oznaczenia odpowiedzialności [1,0]
    • a
    • Tytuł
    • Compendium of finance in Polish & English = Find
    • b
    • Ciąg dalszy tytułu (NP)
    • Kompendium terminów z zakresu finansów po polsku i angielsku. Find
    • n
    • Oznaczenie części (P)
    • Vol. 5,
    • p
    • Nazwa części (P)
    • F-P /
    • c
    • Pozostałe elementy strefy tytułu i oznaczenia odpowiedzialności (NP)
    • Robert Patterson.
260 -Strefa adresu wydawniczego [ , ]
    • a
    • Miejsce wydania (P)
    • Kraków :
    • b
    • Nazwa wydawcy (P)
    • Wydawnictwo Zielona Sowa,
    • c
    • Data wydania (P)
    • cop. 2011.
300 -Strefa opisu fizycznego [ , ]
    • a
    • Określenie formy książki i/lub objętość (NP)
    • 264 s. :
    • b
    • Oznaczenie ilustracji (NP)
    • il. ;
    • c
    • Format (NP)
    • 24 cm.
336 -Typ zawartości [ , ]
    • 2
    • Źródło (terminu i kodu)
    • rdacontent
    • a
    • Termin opisujący typ zawartości
    • Tekst
    • b
    • Kod określający zawartość
    • txt
337 -Typ mediów [ , ]
    • 2
    • Źródło (terminu i kodu)
    • rdamedia
    • a
    • Tryb odtwarzania
    • Bez urządzenia pośredniczącego
    • b
    • Kod typu mediów
    • n
338 -Typ/rodzaj nośnika [ , ]
    • 2
    • Źródło (terminu i kodu)
    • rdacarrier
    • a
    • Hasło opisujące typ nośnika
    • Wolumin
    • b
    • Kod typu nośnika
    • nc
650 -Hasło przedmiotowe [ , ]
    • 9
    • KHW
    • 365367
    • a
    • Hasło przedmiotowe
    • Finanse
    • v
    • Określnik formalny
    • słowniki angielskie.
710 -Hasło dodatkowe - nazwa ciała zbiorowego [2, ]
    • 4
    • Kod relacji
    • pbl
    • 9
    • KHW
    • 65501
    • a
    • Nazwa ciała zbiorowego lub nazwa geograficzna jako pierwszy element (NP)
    • Wydawnictwo Zielona Sowa.
920 -ISBN [ , ]
    • a
    • ISBN
    • 978-83-7623-841-8 Find
    • q
    • Dopowiedzenie
    • tom V
920 -ISBN [ , ]
    • a
    • ISBN
    • 978-83-7623-836-4 Find
    • q
    • Dopowiedzenie
    • tomy I-VI
Status udost. Numer inwentarzowy Sygnatura Data inwentaryzacji Lokalizacja
-2T.19456T.194562017-03-21T